Wszystkie miasta na prawach powiatu w Polsce - w kolejności - Statystyki

Ogólne statystyki
  • Ten quiz został rozwiązany 382 razy
    339 od ostatniego zresetowania
  • Średni wynik to 50 z 66
Statystyki odpowiedzi
Liczba ludności Województwo Miasto na prawach powiatu % Poprawnych
779 966 Małopolskie Kraków
100%
672 185 Łódzkie Łódź
100%
532 048 Wielkopolskie Poznań
100%
1 794 166 Mazowieckie Warszawa
100%
641 928 Dolnośląskie Wrocław
100%
296 958 Podlaskie Białystok
99%
344 091 Kujawsko-Pomorskie Bydgoszcz
99%
470 805 Pomorskie Gdańsk
99%
338 586 Lubelskie Lublin
99%
398 255 Zachodniopomorskie Szczecin
99%
244 969 Pomorskie Gdynia
98%
290 533 Śląskie Katowice
98%
198 613 Kujawsko-Pomorskie Toruń
95%
209 296 Mazowieckie Radom
93%
196 638 Podkarpackie Rzeszów
93%
193 415 Świętokrzyskie Kielce
92%
171 249 Warmińsko-Mazurskie Olsztyn
92%
217 530 Śląskie Częstochowa
90%
127 839 Opolskie Opole
86%
197 586 Śląskie Sosnowiec
85%
140 892 Lubuskie Zielona Góra
85%
177 049 Śląskie Gliwice
83%
118 582 Warmińsko-Mazurskie Elbląg
82%
122 589 Lubuskie Gorzów Wielkopolski
82%
118 268 Mazowieckie Płock
80%
170 924 Śląskie Zabrze
79%
109 971 Dolnośląskie Wałbrzych
78%
107 498 Małopolskie Tarnów
77%
106 235 Zachodniopomorskie Koszalin
76%
108 561 Kujawsko-Pomorskie Włocławek
75%
99 106 Wielkopolskie Kalisz
73%
98 436 Dolnośląskie Legnica
73%
89 780 Pomorskie Słupsk
71%
169 756 Śląskie Bielsko Biała
70%
163 255 Śląskie Bytom
70%
93 564 Kujawsko-Pomorskie Grudziądz
70%
69 639 Podlaskie Suwałki
69%
78 335 Dolnośląskie Jelenia Góra
68%
83 558 Małopolskie Nowy Sącz
68%
72 250 Łódzkie Piotrków Trybunalski
68%
77 813 Mazowieckie Siedlce
68%
62 785 Lubelskie Zamość
68%
59 779 Podkarpackie Przemyśl
67%
126 871 Śląskie Tychy
67%
72 539 Wielkopolskie Konin
66%
137 128 Śląskie Rybnik
66%
61 135 Lubelskie Chełm
65%
62 573 Podlaskie Łomża
65%
106 846 Śląskie Chorzów
63%
136 423 Śląskie Ruda Śląska
63%
45 944 Podkarpackie Krosno
62%
62 854 Wielkopolskie Leszno
62%
35 286 Pomorskie Sopot
62%
40 948 Zachodniopomorskie Świnoujście
62%
118 285 Śląskie Dąbrowa Górnicza
61%
56 942 Lubelskie Biała Podlaska
60%
51 656 Mazowieckie Ostrołęka
59%
90 368 Śląskie Jaworzno
57%
47 655 Łódzkie Skierniewice
57%
46 360 Podkarpackie Tarnobrzeg
57%
74 559 Śląskie Mysłowice
54%
66 270 Śląskie Siemianowice Śląskie
52%
54 702 Śląskie Piekary Śląskie
51%
49 108 Śląskie Świętochłowice
51%
88 038 Śląskie Jastrzębie Zdrój
50%
62 844 Śląskie Żory
49%
Nie znaleziono quizów pasujących do podanych kryteriów
Rozkład punktacji
Procent ludzi z każdym wynikiem
Percentyl według liczby udzielonych odpowiedzi
Twoja historia wyników
Nie rozwiązałeś tego quizu od ostatniego zresetowania